000 00726nam a2200181Ia 4500
008 151018s9999 xx 000 0 und d
082 _bRBASDV41847
_a891.464
100 _aचंद्रसेन टिळेकर
245 _a"मुलांनो,गाडा या अंधश्रद्धा"
250 _b1
260 _bअनुबंध प्रकाशन
_c2005
300 _a72
600 _aचंद्रसेन टिळेकर
630 _a"मुलांनो,गाडा या अंधश्रद्धा"
700 _aचंद्रसेन टिळेकर
730 _a"मुलांनो,गाडा या अंधश्रद्धा"
942 _cBOOK
999 _c1041078
_d1041075